quizz sur les os du crâne et de l'oreille moyenne - Statistiques

Statistiques générales
  • Ce quiz a été pris 69 fois
  • Le résultat moyen est 6 sur 9
Statistiques - réponses
Par images Réponse % Correct
enclume
78%
os pariétal
76%
étrier
74%
marteau
74%
os occipital
74%
os temporal
72%
os frontal
68%
os sphénoïde
52%
os ethmoïde
38%
Aucun quiz correspondant
Distribution des résultats
% des personnes avec chaque résultat
Percentile par nombre de réponses
Votre historique - résultats
Vous n’avez pas pris ce quiz